000 00647nam a2200265Ia 4500
008 210210b2006 xxu||||| |||| 00| 0 eng d
082 _a382 RAMT
100 _aRAMAKRISHNA (T N).
245 _aTextbook of international trade and foreign exchange management for II B.Com.
260 _aMangalore
_bVinyas Publishers
_c2006
300 _a344
650 _atrade
650 _aTextbook
650 _aof
650 _amanagement
650 _ainternational
650 _aII
650 _aforeign
650 _afor
650 _aexchange
650 _aB.Com.
650 _aand
690 _aInternational Trade
906 _a061284
999 _c107927
_d107927